Statistiques concernant Les matchs pour la 3e place à la Coupe du monde de football

Cliquez ici pour prendre le quiz!

Statistiques générales

  • Ce quiz a été pris 262 fois
  • Le résultat moyen est 32 sur 36

Statistiques - réponses

EditionScorePays% Correct
20140Brésil
99%
19740Brésil
99%
19384Brésil
99%
19782Brésil
99%
19586France
98%
19864France
98%
19822France
98%
19902Italie
97%
19781Italie
97%
20143Pays-Bas
97%
19981Pays-Bas
97%
20103Allemagne
96%
20063Allemagne
96%
19343Allemagne
96%
19583Allemagne de l'Ouest
96%
19701Allemagne de l'Ouest
96%
20061Portugal
93%
19662Portugal
93%
19700Uruguay
92%
19541Uruguay
92%
20102Uruguay
92%
19862Belgique
87%
19382Suède
87%
19944Suède
87%
19661Union soviétique
87%
19901Angleterre
86%
19982Croatie
85%
20022Corée du Sud
84%
20023Turquie
78%
19620Yougoslavie
78%
19621Chili
72%
19741Pologne
72%
19823Pologne
72%
19940Bulgarie
66%
19543Autriche
63%
19342Autriche
63%

Distribution des résultats

Percentile par nombre de réponses

% des personnes avec chaque résultat

Votre développement - résultats

Vous n’avez pas pris ce quiz